| 000 | 00646nam a22001937a 4500 | ||
|---|---|---|---|
| 999 |
_c167397 _d167397 |
||
| 005 | 20190830143620.0 | ||
| 010 | _aENG-126377 | ||
| 020 |
_c750.00 _a978-81-934459-0-7 |
||
| 035 | _aEN-109909 | ||
| 037 | _bDBAD/PUB | ||
| 082 | _a954.0350922 | ||
| 100 | _aSingh,Manoj K | ||
| 245 |
_aBJP Leaders/ _cby Manoj K Singh |
||
| 260 |
_bS.P. Kaushik Enterprises _c2018 _aDelhi |
||
| 270 |
_aA-49,Ground Floor,Gali No. 6,Jagatpuri Extention _bDelhi _e110093 _k0-9873620352,9811007837 _mspkaushikenterprises@gmail.com |
||
| 300 |
_a252p. _c22cm(hb) |
||
| 500 | _aIncludes index and bibliography. | ||
| 942 |
_2ddc _cEN _h954.0350922 _mSIN |
||